|
|
|
|
| LEADER |
00000nam0a2200000 4500 |
| 001 |
303833 |
| 005 |
20231102001637.0 |
| 035 |
|
|
|a (RuTPU)RU\TPU\book\329061
|
| 090 |
|
|
|a 303833
|
| 100 |
|
|
|a 20150905d1983 m y0rusy50 ca
|
| 101 |
0 |
|
|a rus
|
| 102 |
|
|
|a RU
|
| 105 |
|
|
|a a j 001zy
|
| 200 |
1 |
|
|a Непрерывный контроль изоляции для повышения надежности электроснабжения промышленных предприятий
|e конспект лекций
|f А. Н. Шаткин
|g Саратовский политехнический институт (СПИ)
|
| 210 |
|
|
|a Саратов
|c Изд-во Саратовского политехнического ин-та
|d 1983
|
| 215 |
|
|
|a 39 с.
|c ил.
|
| 320 |
|
|
|a Библиогр.: с. 37
|
| 606 |
1 |
|
|a Электроснабжение
|2 stltpush
|3 (RuTPU)RU\TPU\subj\20841
|9 45911
|
| 610 |
1 |
|
|a изоляция
|
| 610 |
1 |
|
|a контроль
|
| 610 |
1 |
|
|a надежность
|
| 610 |
1 |
|
|a промышленные предприятия
|
| 610 |
1 |
|
|a сопротивление
|
| 610 |
1 |
|
|a электроустановки
|
| 610 |
1 |
|
|a учебные пособия
|
| 675 |
|
|
|a 621.31.031(075.8)
|v 4
|
| 700 |
|
1 |
|a Шаткин
|b А. Н.
|g Александр Николаевич
|
| 712 |
0 |
2 |
|a Саратовский политехнический институт (СПИ)
|c (1960-1992)
|2 stltpush
|3 (RuTPU)RU\TPU\col\283
|
| 801 |
|
1 |
|a RU
|b 63413507
|c 20150905
|
| 801 |
|
2 |
|a RU
|b 63413507
|c 20190419
|g RCR
|
| 942 |
|
|
|c BK
|